书目信息 |
| 题名: |
生物地理学
|
|
| 作者: | 考克斯 , Cox , 穆尔 , Moore 著 ;赵铁桥 , 杨正本 译 | |
| 分册: | ||
| 出版信息: | 北京 高等教育出版社 1985 |
|
| 页数: | 290页 | |
| 开本: | 20cm | |
| 丛书名: | ||
| 单 册: | ||
| 中图分类: | Q15 | |
| 科图分类: | ||
| 主题词: | 生物地理学 | |
| 电子资源: | ||
| ISBN: | ||
| 000 | 00940nam0 2200313 45 | |
| 001 | 0185010793 | |
| 005 | 20040525083057.1 | |
| 010 | @dCNY2.35 | |
| 091 | @a12010.041 | |
| 100 | @a19900903d1985 em y0chiy0121 ea | |
| 101 | 1 | @achi@ceng |
| 102 | @aCN@b110000 | |
| 105 | @ay z 001yy | |
| 106 | @ar | |
| 200 | 10 | @a生物地理学@Asheng wu di li xue@e生态和进化的途径@f(英)考克斯(Cox,C.B.), (英)穆尔(Moore,P.D.)著@g赵铁桥, 杨正本译 |
| 210 | @a北京@c高等教育出版社@d1985 | |
| 215 | @a290页@d20cm | |
| 517 | 1 | @a生态和进化的途径@Asheng tai he jin hua de tu jing |
| 606 | @a生物地理学 | |
| 690 | @aQ15@v3 | |
| 701 | 1 | @a考克斯@Akao ke si@bC.B.@4著 |
| 701 | A1 | @aCox@bC.B.@4著 |
| 701 | 1 | @a穆尔@Amu er@bP.D.@4著 |
| 701 | A1 | @aMoore@bP.D.@4著 |
| 702 | 0 | @a赵铁桥@Azhao tie qiao@4译 |
| 702 | 0 | @a杨正本@Ayang zheng ben@4译 |
| 801 | 0 | @aCN@b深圳图书馆@c20040525 |
| 801 | 2 | @aCN@bNLC@c20040525 |
| 905 | @f2@b147809-810@dQ15@e19 | |
| 生物地理学:生态和进化的途径/(英)考克斯(Cox,C.B.), (英)穆尔(Moore,P.D.)著/赵铁桥, 杨正本译.-北京:高等教育出版社,1985 |
| 290页;20cm |
| ISBN :CNY2.35 |
| ● |
| 相关链接 |
|
|
|
|
正题名:生物地理学
索取号:Q15/19
 
预约/预借
| 序号 | 登录号 | 条形码 | 馆藏地/架位号 | 状态 | 备注 |
| 1 | 0147809 | 000073930 | 第三借阅区/ [索取号:Q15/19] | 在馆 | |
| 2 | 0147810 | 000073949 | 第三借阅区/ [索取号:Q15/19] | 在馆 | |
| 3 | 0147811 | 202107013 | 第二样本阅览室/ [索取号:Q15/19] | 在馆 |